La Nova seu de l'Institut del Teatre [Recurs electrònic] : premi Construmat de construcció 2001 premi Construmat de construcció 2001
Descripción Física:
1 disc òptic (CD-ROM) ; 12 cm
MARC
| LEADER | 00000nam a2200000Ia 4500 | ||
|---|---|---|---|
| 001 | 18838 | ||
| 008 | 160829s9999 xx 000 0 cat d | ||
| 080 | |a CD-1-80 | ||
| 245 | |a La Nova seu de l'Institut del Teatre [Recurs electrònic] : |b premi Construmat de construcció 2001 | ||
| 260 | |a Barcelona : |b Diputació de Barcelona : |b l'Institut, [200 - ?] | ||
| 300 | |a 1 disc òptic (CD-ROM) ; |c 12 cm | ||
| 590 | |a Requeriments del sistema: Windows 95, 98, NT, SVGA 800x600 color 16 bits, tarja de so, 32 Mb de RAM. | ||
| 590 | |a Acompanyat d'un llibre amb R. 18837 i un vídeo VHS, amb el mateix títol | ||
| 610 | 1 | 0 | |a Institut del Teatre (Barcelona, Catalunya) |9 52662 |
| 710 | 1 | |a Barcelona (Catalunya : Província). |b Diputació |9 52408 | |
| 901 | |a Arxiu | ||
| 942 | |n 1 | ||
| 952 | |0 0 |1 0 |4 0 |6 CD180 |7 1 |9 51803 |a Arxiu |b Arxiu |d 2016-12-01 |l 0 |o CD-1-80 |p 18838 |r 2016-12-01 00:00:00 |w 2016-12-01 |y ARXIU | ||
| 999 | |c 55649 |d 55649 | ||